Las reglas del método sociológico y otros escritos sobre filosofía de las ciencias sociales
Saved in:
| Hovedforfatter: | |
|---|---|
| Format: | Bog |
| Sprog: | spansk |
| Udgivet: |
Madrid
Alianza
1988
|
| Serier: | Humanidades
|
| Fag: | |
| Tags: |
Tilføj Tag
Ingen Tags, Vær først til at tagge denne postø!
|
MARC
| LEADER | 00000nam a2200000 a 4500 | ||
|---|---|---|---|
| 001 | UCR4482 | ||
| 003 | CL-VaPUC | ||
| 005 | 20231221093603.0 | ||
| 008 | 980309e19880000SP |||||||||||||||||spa|d | ||
| 999 | |c 267423 |d 267421 | ||
| 040 | |c Pontificia Universidad Católica de Valparaíso | ||
| 082 | 0 | 4 | |a 301.045 |b DUR |2 21 |
| 100 | 0 | |a Durkheim, Emile |e author |9 314700 | |
| 245 | 1 | 4 | |a Las reglas del método sociológico y otros escritos sobre filosofía de las ciencias sociales |
| 260 | |a Madrid |b Alianza |c 1988 | ||
| 300 | |a 322 p | ||
| 490 | 0 | |a Humanidades | |
| 583 | |a last modification |c 19980309 00:00:00 |k Rodrigo Vera | ||
| 650 | 0 | |a Sociología |9 886631 |x Metodología | |
| 650 | 0 | |a Sociología histórica |9 307548 | |
| 650 | 0 | |a Ciencias sociales |9 256351 | |
| 650 | 0 | |a Grupos sociales |9 268887 | |
| 942 | |c BK |2 ddc | ||
| 945 | |d 19980309 00:00:00 |a lriquelm | ||
| 952 | |0 0 |1 0 |4 0 |6 301_045000000000000_DUR_1988 |7 0 |8 R |9 299717 |a BIBENE |b BIBENE |d 2019-11-20 |i 2832100 |o 301.045 DUR 1988 |p 2832100 |r 2025-01-15 |w 2019-11-20 |y BK_R |k ICO | ||